000 00620nam a22002177a 4500
003 OSt
005 20140310181930.0
008 130722t xxu||||| |||| 00| 0 eng d
050 _aMT 224
_b.P173 1983
082 _aTR 786.2
_bP18 1983
100 _aPalmer, Willard A.
_92646
245 _aPiano Theory book /
_cWillard A. Palmer
260 _aSherman Oaks, CA :
_bAlfred,
_cc1983.
300 _a48 p. :
_bill. ;
_c30 cm.
521 _aFaculty
541 _j1
562 _e1
650 _aPiano
_xInstruction and study.
_92647
650 _aMusic theory
_xElementary works.
_92648
942 _2lcc
_cBK-TR
_kTR
999 _c7325
_d7325